UM Logo

Level of implementation of sanitation code and community participation in the selected barangays of Padada, Davao del Sur/ (Record no. 1820)

MARC details
000 -LEADER
fixed length control field 00674nam a22001697a 4500
008 - FIXED-LENGTH DATA ELEMENTS--GENERAL INFORMATION
fixed length control field 160416b xxu||||| |||| 00| 0 eng d
082 ## - DEWEY DECIMAL CLASSIFICATION NUMBER
Edition number 2008
Classification number UT 0157
Item number C16
100 ## - MAIN ENTRY--PERSONAL NAME
9 (RLIN) 5775
Personal name Cañon, Leonardo R.
Numeration Jr.
245 ## - TITLE STATEMENT
Title Level of implementation of sanitation code and community participation in the selected barangays of Padada, Davao del Sur/
Statement of responsibility, etc. Leonardo R. Cañon Jr. and 3 others.
260 ## - PUBLICATION, DISTRIBUTION, ETC. (IMPRINT)
Place of publication, distribution, etc. Digos City:
Name of publisher, distributor, etc. UMDC
Date of publication, distribution, etc. March 2008.
300 ## - PHYSICAL DESCRIPTION
Extent 59 pages;
Dimensions 28 cm.
650 #0 - SUBJECT ADDED ENTRY--TOPICAL TERM
9 (RLIN) 5776
Topical term or geographic name as entry element Liberal Arts
Form subdivision Political Science
General subdivision Undergraduate thesis.
700 ## - ADDED ENTRY--PERSONAL NAME
9 (RLIN) 5777
Personal name Bontes, Ferlyn Joy G.
700 ## - ADDED ENTRY--PERSONAL NAME
9 (RLIN) 5778
Personal name Morala, Marie Joy R.
700 ## - ADDED ENTRY--PERSONAL NAME
9 (RLIN) 5779
Personal name Rubin, Massene P.
942 ## - ADDED ENTRY ELEMENTS (KOHA)
Source of classification or shelving scheme Dewey Decimal Classification
Koha item type Undergraduate Thesis
Holdings
Withdrawn status Lost status Source of classification or shelving scheme Damaged status Not for loan Collection code Home library Current library Date acquired Total Checkouts Full call number Barcode Date last seen Price effective from Koha item type
    Dewey Decimal Classification     Undergraduate Theses UM Digos College - LIC UM Digos College - LIC 04/16/2016   UT 0157 C16 2008 UT0157 04/16/2016 04/16/2016 Undergraduate Thesis